Vývoj cien akcií bankových domov na Burze cenných papierov v Prahe
Vývoj obchodov s cennými papiermi Komerčnej banky, Českej sporiteľne, Investičnej a Živnostenskej banky od júna do novembra 1993.
Saved in:
| Main Author: | |
|---|---|
| Other Authors: | |
| Format: | Book Chapter |
| Language: | Slovak |
| Subjects: | |
| Tags: |
No Tags, Be the first to tag this record!
|
MARC
| LEADER | 00000naa a2200000 4500 | ||
|---|---|---|---|
| 001 | r000149 | ||
| 005 | 20221205080753.6 | ||
| 041 | 0 | |a slo | |
| 044 | |a SK | ||
| 245 | 1 | 0 | |a Vývoj cien akcií bankových domov na Burze cenných papierov v Prahe |c B. Milták, L. Briška |
| 520 | |a Vývoj obchodov s cennými papiermi Komerčnej banky, Českej sporiteľne, Investičnej a Živnostenskej banky od júna do novembra 1993. | ||
| 610 | 2 | 0 | |a akcie |
| 610 | 2 | 0 | |a ceny |
| 610 | 2 | 0 | |a 1993 |
| 610 | 2 | 0 | |a jún-november |
| 610 | 2 | 0 | |a banky |
| 610 | 2 | 0 | |a papiere cenné |
| 610 | 2 | 0 | |a BCP Praha |
| 610 | 2 | 0 | |a burzy |
| 610 | 2 | 0 | |a Česko |
| 100 | 1 | |a Milták, B. | |
| 700 | 1 | |a Briška, L. | |